El sistema monetario europeo : (Record no. 46836)

MARC details
000 -LEADER
campo de control de longitud fija 01152cam a2200349Mi 4500
001 - NÚMERO DE CONTROL
campo de control 84597
005 - FECHA Y HORA DE LA ÚLTIMA TRANSACCIÓN
campo de control 20230410115728.0
008 - DATOS DE LONGITUD FIJA--INFORMACIÓN GENERAL
campo de control de longitud fija 090929s2008 sp 000 0 spa d
035 ## - NÚMERO DE CONTROL DEL SISTEMA
Número de control de sistema (OCoLC)ocn444843459
040 ## - FUENTE DE CATALOGACIÓN
Centro catalogador/agencia de origen PL#
Lengua de catalogación spa
Centro/agencia transcriptor PL#
020 ## - NÚMERO INTERNACIONAL ESTÁNDAR DEL LIBRO
Número Internacional Estándar del Libro 8447029956
020 ## - NÚMERO INTERNACIONAL ESTÁNDAR DEL LIBRO
Número Internacional Estándar del Libro 9788447029952
029 0# - OTRO NÚMERO DE CONTROL DE SISTEMA (OCLC)
Identificador de la biblioteca OCLC PL#
Número de control de sistema 090002126
035 ## - NÚMERO DE CONTROL DEL SISTEMA
Número de control de sistema (OCoLC)444843459
050 14 - SIGNATURA TOPOGRÁFICA DE LA BIBLIOTECA DEL CONGRESO
Número de clasificación HG 930.5
Número de ítem L864s 2008
082 00 - NÚMERO DE LA CLASIFICACIÓN DECIMAL DEWEY
Número de clasificación 332.4/5/094
100 1# - ENTRADA PRINCIPAL--NOMBRE DE PERSONA
Nombre de persona López Morales, José María,
Fechas asociadas al nombre 1968-
245 13 - MENCIÓN DEL TÍTULO
Título El sistema monetario europeo :
Resto del título lecciones de una experiencia novedosa /
Mención de responsabilidad, etc. José María López Morales ; prólogo, Rafael Myro.
250 ## - MENCION DE EDICION
Mención de edición 1 ed.
260 ## - PUBLICACIÓN, DISTRIBUCIÓN, ETC.
Lugar de publicación, distribución, etc. Madrid :
Nombre del editor, distribuidor, etc. Thomson Civitas,
Fecha de publicación, distribución, etc. 2008.
300 ## - DESCRIPCIÓN FÍSICA
Extensión 183 p. ;
Dimensiones 21 cm +
Material acompañante/anejo 1 disco optico (CD-ROM).
490 1# - MENCIÓN DE SERIE
Mención de serie Estudios y monografias de economia
504 ## - NOTA DE BIBLIOGRAFÍA, ETC.
Nota de bibliografía, etc. Bibliografia: p. [171]-183.
650 #0 - PUNTO DE ACCESO ADICIONAL DE MATERIA--TÉRMINO DE MATERIA
Término de materia o nombre geográfico como elemento de entrada European Monetary System (Organization)
650 #4 - PUNTO DE ACCESO ADICIONAL DE MATERIA--TÉRMINO DE MATERIA
Término de materia o nombre geográfico como elemento de entrada Sistema monetario europeo.
700 1# - ENTRADA AGREGADA--NOMBRE PERSONAL
Nombre de persona Myro Sanchez, Rafael,
Término indicativo de función/relación pr.
830 #0 - PUNTO DE ACCESO ADICIONAL DE SERIE-TÍTULO UNIFORME
Título uniforme Estudios y monografias de economia.
938 ## -
-- Puvill Libros
-- PUVL
-- 9788447029952
-- $37.00
942 ## - ELEMENTOS DE ENTRADA SECUNDARIOS (KOHA)
Fuente del sistema de clasificación o colocación Clasificación de Library of Congress
Tipo de ítem Koha
946 ## - PROCESAMIENTO DE INFORMACIÓN LOCAL (OCLC)
a AAG
994 ## -
-- C0
-- DRFGD
Holdings
Estatus retirado Estado de pérdida Fuente del sistema de clasificación o colocación Estado de daño No para préstamo Colección Biblioteca de origen Biblioteca actual Ubicación en estantería Fecha de adquisición Serial enumeration / chronology Signatura topográfica completa Código de barras Visto por última vez Copia número Tipo de ítem Koha
    Clasificación de Library of Congress     Ciencias Sociales Biblioteca Juan Bosch Biblioteca Juan Bosch Ciencias Sociales (3er. Piso) 10/04/2023 1 HG 930.5 L864s 2008 00000076130 24/10/2018 1